Revista Tips Fiscales (Registro nro. 162794)
[ vista simple ]
| 000 -LEADER | |
|---|---|
| fixed length control field | 00996nam a22002537a 4500 |
| 007 - PHYSICAL DESCRIPTION FIXED FIELD--GENERAL INFORMATION | |
| fixed length control field | cr|||| |||| |
| 008 - FIXED-LENGTH DATA ELEMENTS--GENERAL INFORMATION | |
| fixed length control field | 130711c20059999mx |||| s|||| 0||| 1spa d |
| 035 ## - | |
| -- | 11325 |
| 040 ## - CATALOGING SOURCE | |
| Original cataloging agency | vLex |
| 090 ## - | |
| -- | 4429 |
| -- | 4429 |
| 245 00 - TITLE STATEMENT | |
| Title | Revista Tips Fiscales |
| Medium | [Recurso electrónico] |
| 256 ## - | |
| -- | Servicio en línea |
| 260 ## - PUBLICATION, DISTRIBUTION, ETC. (IMPRINT) | |
| Place of publication, distribution, etc | México D.F.: |
| Name of publisher, distributor, etc | México Fiscal, |
| Date of publication, distribution, etc | 2005 - |
| 300 ## - PHYSICAL DESCRIPTION | |
| Extent | 1 recurso electrónico |
| 310 ## - | |
| -- | Mensual |
| 362 ## - | |
| -- | Núm. 1 (2003) - |
| 506 1# - RESTRICTIONS ON ACCESS NOTE | |
| Terms governing access | Contenido solo disponible en los productos indicados |
| Authorized users | vLex Global |
| -- | vLex Global (Academic Edition, excluding Law Schools) |
| -- | vLex Global (U.S. Academic Edition, Law Schools) |
| -- | vLex Global (U.S. Academic Edition, excluding Law Schools) |
| -- | vLex Global (Academic Edition, Law Schools) |
| 650 04 - SUBJECT ADDED ENTRY--TOPICAL TERM | |
| Topical term or geographic name as entry element | Fiscalidad |
| Geographic subdivision | México |
| 650 04 - SUBJECT ADDED ENTRY--TOPICAL TERM | |
| Topical term or geographic name as entry element | Derecho fiscal |
| Geographic subdivision | México |
| 740 0# - | |
| -- | vLex Revistas (Servicio en línea) |
| 856 40 - LOCALIZACIÓN Y ACCESO ELECTRÓNICO | |
| Identificador Uniforme del Recurso (URI/URL) | https://app.vlex.com/#/sources/revista-tips-fiscal-11325 |
| 942 ## - | |
| -- | RAA |
| 999 ## - | |
| -- | 162794 |
| -- | 162794 |
No hay ítems disponibles.